01248nam a22003737a 4500003000400000005001700004008004100021040002200062082001800084100002900102245008700131260002900218300001900247366000800266490002400274505001900298505001600317505001700333505001700350505001500367505001700382505001800399505002100417505006700438505003200505505001700537650004100554650004400595650005500639650004800694650004300742650004500785651004400830OSt20230519093912.0221006b |||||||| |||| 00| 0 eng d cBiblioteca Lado V a701.18bA658t aAraeen, Rasheedeeditora aThird Text/bCriticalPerspectives on Contemporary Art & Culture | A New Beginning/ bRoutledgec2000aLondres c19x25cma128p. eeng a50v2000x0952-8822 aRasheed Araeen aJohan Lagae aGil Hochberg aRuth Kerkham aJon Brazil aDavid Clarke aWendy Belcher aDespoina Zefkili aReviewsgIan McLean Jorella Andrews Tamara Stuby Dorian Ker aBook ReviewgRichard Hylton aContributors 2Tesauro de Arte & ArquitecturaaARTE 2Tesauro de Arte & ArquitecturaaCRITICA 2Tesauro de Arte & ArquitecturaaARTE CONTEMPORANEO 2Tesauro de Arte & ArquitecturaaAPRECIACION 2Tesauro de Arte & ArquitecturaaTEORIA 2Tesauro de Arte & ArquitecturaaANALISIS 2Tesauro de Arte & ArquitecturaaLONDRES